000 00746cab a2200253 4500
001 WB3212-14
008 090401t1996 xxu||||| |||| 00| 0 eng d
035 _a(Sirsi) u56579
041 _aeng
245 _aFeel-bad factor coming
260 _c1996
350 _a0
490 _aIndependent
_v22 March 1996, 3(1)
520 _aAn academic report predicts the British population will shrink around 2020, causing amongst other things, a housing surplus which will depress prices.
650 _aFORECASTS
650 _aHOUSE PRICES
650 _aHOUSEHOLD PROJECTIONS
650 _aHOUSING MARKET
650 _aPOPULATION PROJECTIONS
650 _aSTATISTICS
690 _aECONOMIC AND SOCIAL
942 _n0
948 _c04/03/1997
999 _c34516
_d34516